书目信息 |
| 题名: |
卫星激光测距 数据处理规范
|
|
| 作者: | 赵春梅 起草 | |
| 分册: | ||
| 出版信息: | 北京 测绘出版社 2021.02 |
|
| 页数: | 22页 | |
| 开本: | 30cm | |
| 丛书名: | 中华人民共和国测绘行业标准 | |
| 单 册: | ||
| 中图分类: | P228.5-65 | |
| 科图分类: | ||
| 主题词: | 卫星激光测距--wei xing ji guang ce ju--数据处理--规范--中国 | |
| 电子资源: | ||
| ISBN: | 978-7-5030-4346-8 | |
| 000 | 01328nam 2200313 450 | |
| 001 | 96838 | |
| 005 | 20250919105024.83 | |
| 010 | @a978-7-5030-4346-8@dCNY30.00 | |
| 094 | @aCN@bCH/T 2015-2018 | |
| 100 | @a20210819d2021 em y0chiy50 ea | |
| 101 | 0 | @achi |
| 102 | @aCN@b110000 | |
| 105 | @aak l 000yy | |
| 106 | @ar | |
| 200 | 1 | @a卫星激光测距 数据处理规范@Awei xing ji guang ce ju shu ju chu li gui fan@d= Specifications for satellite laser ranging data processing@zeng |
| 210 | @a北京@c测绘出版社@d2021.02 | |
| 215 | @a22页@c图@d30cm | |
| 225 | 2 | @a中华人民共和国测绘行业标准@Azhong hua ren min gong he guo ce hui hang ye biao zhun |
| 300 | @a中华人民共和国自然资源部发布 2018-08-17发布 2019-01-01实施 备案号: 65163-2018 | |
| 304 | @a本书无题名页, 200字段信息取自封面 | |
| 314 | @a起草人: 赵春梅 ... [等] | |
| 330 | @a本标准规定了卫星激光测距数据应用中的产品要求、数据处理和精度评定, 确立了相关大地基准产品生产的基本步骤、观测模型、动力学模型和解算策略等。 | |
| 410 | 0 | @12001 @a中华人民共和国测绘行业标准 |
| 510 | 1 | @aSpecifications for satellite laser ranging data processing@zeng |
| 606 | 0 | @a卫星激光测距@Awei xing ji guang ce ju@x数据处理@x规范@y中国 |
| 690 | @aP228.5-65@v5 | |
| 701 | @a赵春梅@Azhao chun mei@4起草 | |
| 801 | 0 | @aCN@c20250909 |
| 905 | @a河南城建学院图书馆@dP228.5-65@eZ294 | |
| 卫星激光测距 数据处理规范= Specifications for satellite laser ranging data processing.-北京:测绘出版社,2021.02 |
| 22页:图;30cm.-(中华人民共和国测绘行业标准) |
| 中华人民共和国自然资源部发布 2018-08-17发布 2019-01-01实施 备案号: 65163-2018 |
| ISBN 978-7-5030-4346-8:CNY30.00 |
| 本标准规定了卫星激光测距数据应用中的产品要求、数据处理和精度评定, 确立了相关大地基准产品生产的基本步骤、观测模型、动力学模型和解算策略等。 |
| ● |
| 相关链接 |
|
|
|
正题名:卫星激光测距 数据处理规范
索取号:P228.5-65/Z294
 
预约/预借
| 序号 | 登录号 | 条形码 | 馆藏地/架位号 | 状态 | 备注 |
| 1 | 1638369 | 216383697 | 自科库401/401自科库 123排1列3层/ [索取号:P228.5-65/Z294] | 在馆 |